| 000 | 01017cam a22003497 4500 | ||
|---|---|---|---|
| 001 | 348389 | ||
| 003 | DO-SdBPM | ||
| 005 | 20250616071946.0 | ||
| 007 | ta | ||
| 008 | 080404s2008 sp a 000 1 spa | ||
| 015 | _a | ||
| 017 |
_a _b |
||
| 020 | _a9788426349125 | ||
| 035 | _a | ||
| 040 |
_a DO-SdBPM _bspa _cBPMSU _e |
||
| 080 | _a | ||
| 082 | 4 |
_a863.6 _bC112m 2008 _222 |
|
| 100 | 1 |
_aCabal, Ulices _d |
|
| 245 | 1 | 3 |
_aEl misterio del león de piedra / _cUlises Cabal, ilustración Grabriel Hernández Walta _h |
| 250 | _a2ª ed., | ||
| 264 |
_aMadrid : _bLuis Vives, _c2008 |
||
| 300 |
_a97 páginas : _bilustraciones, ; _c20 cm |
||
| 336 |
_atexto _btxt _2rdamedia |
||
| 337 |
_asin mediación _bn _2rdamedia |
||
| 338 |
_avolumen _bnc _2rdacarrier |
||
| 490 | 0 |
_aAla delta; _averde, _v18 |
|
| 590 | _aInventariado,2025/VM | ||
| 650 | 7 | _aCuentos juveniles españoles | |
| 700 | 1 |
_aHernández Walta, Gabriel _eilustración |
|
| 910 | _aVMateo V. Control de calidad. BPMSU | ||
| 942 |
_2ddc _cBK |
||
| 999 |
_c9353 _d9353 |
||